Analyzing The Academic Performance of Students by Using Machine Learning (Thesis MS) (Record no. 69079)

MARC details
000 -LEADER
fixed length control field 00411nam a22001217a 4500
100 ## - MAIN ENTRY--AUTHOR NAME
Personal name Hira Ashraf
-- 21-MSIT-22
-- Supervisor - Dr. Asghar Ali Chandio
245 ## - TITLE STATEMENT
Title Analyzing The Academic Performance of Students by Using Machine Learning (Thesis MS)
260 ## - PUBLICATION, DISTRIBUTION, ETC. (IMPRINT)
Place of publication Nawabshah
Name of publisher QUEST
Year of publication 2024
300 ## - PHYSICAL DESCRIPTION
Number of Pages 82p.
700 ## - ADDED ENTRY--PERSONAL NAME
Personal name Department of Information Technology
942 ## - ADDED ENTRY ELEMENTS (KOHA)
Koha item type Thesis and Dissertation
Holdings
Withdrawn status Lost status Home library Current library Date acquired Accession Number Koha item type
    Research Section Research Section 29/06/2026 MP/99-1444 Thesis and Dissertation
    Research Section Research Section 29/06/2026 MP/99-1445 Thesis and Dissertation